000 01972cam a2200337 i 4500
003 SA-RiAUC
005 20251225130914.0
008 251224s2008 ts g f000 0 ara c
020 _a9789948499831
024 0 _a00000000960976
024 0 _a00000000961495
040 _aEG-CaDAJ
_bara
_cSA-RiAUC
_dAE-DuMBRL
_erda
050 4 _b.A55 2008
082 0 4 _a229.430523
_qSA-RiAUC
090 _a229.430523
_bا ن ي
100 1 _aالأنيس، عبد الحكيم محمد
_eمؤلف.
245 1 0 _aحقوق الطفل في القرآن /
_cبقلم د. عبد الحكيم محمد الأنيس.
250 _aالطبعة الأولى.
264 1 _a[دبي، الإمارات العربية المتحدة] :
_bدائرة الشؤون الإسلامية والعمل الخيري،
_c2008.
300 _a92 صفحة ؛
_c21 × 14 سم
336 _aنص
_btxt
_2rdacontent
_3كتاب
337 _aبدون وسيط
_bn
_2rdamedia
338 _aمجلد
_bnc
_2rdacarrier
520 _aهذه رسالة تتولى الكشف عن جانب رائع من جوانب التشريع الإسلامي الخاصة بالطفل. إن العناية بالطفل في القرآن والسنة أكبر مما نتصور، وأبعد مما نتخيل، وحسبنا أن نقرأ هذه الحقوق التي تجاوزت ما أعلنته الأمم المتحدة من حقوق لنعلم عظمة التشريع الإسلامي وأهمية الطفل فيه. فقد رجع المؤلف فيه إلى القرآن مباشرة واستخرج منه ما ذكر فيه حقوق للطفل تصريحا وتلميحا.
650 7 _aالأطفال في الإسلام
_2aucsh
650 7 _aالأطفال في القرآن
_2aucsh
730 2 2 _aالقرآن
942 _2ddc
_cBOOK
_n0
949 _aSA-JeALM
_d251224
_umohamedma123
_n1
999 _c13698
_d13698